Estudio de pre-factibilidad para la creación de una empresa procesadora y comercializadora de Panela granulada, para la cooperativa PRODECOOP R.L.
Presenta un estudio de pre factibilidad para la creación de una empresa procesadora y comercializadora de panela granulada, determina la oferta y demanda de la panela granulada, a través de un estudio técnico que optimice el uso de recursos, estudia la factibilidad económica-financiera del proye...
| Main Authors: | , , |
|---|---|
| Other Authors: | |
| Format: | Tesis Section = Libro |
| Language: | Undetermined Spanish |
| Published: |
Estelí
UNI/RUACS
2019
|
| Subjects: |
| LEADER | 01667nam a2200301Ia 4500 | ||
|---|---|---|---|
| 008 | 240830s9999 xx 000 0 und d | ||
| 040 | |a BIBLIOTECA-RUPAP Mon 658.11 H557 | ||
| 041 | |a spa | ||
| 082 | |a Mon 658.11 H557 | ||
| 100 | 1 | |a Hernández García, Ethel Indira | |
| 100 | 1 | |b Escorcia Rivera, Rosmery | |
| 100 | 1 | |c Blandón Rivera, Wendell Adrián | |
| 245 | 1 | 0 | |a Estudio de pre-factibilidad para la creación de una empresa procesadora y comercializadora de Panela granulada, para la cooperativa PRODECOOP R.L. |
| 260 | |a Estelí |b UNI/RUACS |c 2019 | ||
| 300 | |a 140 p. :il. | ||
| 500 | |a Contiene: anexos y CD. | ||
| 502 | |a Tesis (Ingeniero Agroindustrial)- UNI, 2019. | ||
| 520 | 3 | |a Presenta un estudio de pre factibilidad para la creación de una empresa procesadora y comercializadora de panela granulada, determina la oferta y demanda de la panela granulada, a través de un estudio técnico que optimice el uso de recursos, estudia la factibilidad económica-financiera del proyecto, a través de cálculos de costos, balance, estado de resultados e indicadores que permitan la presentación de los flujos de efectivo, determina el impacto ambiental que ocasiona el proyecto, a través de la aplicación de matrices de impacto para dar propuestas de medidas de mitigación. | |
| 650 | 7 | |a ESTUDIOS DE FACTIBILIDAD | |
| 650 | 7 | |b ESTUDIO DE MERCADO | |
| 650 | 7 | |c EVALUACION ECONOMICA FINANCIERO | |
| 650 | 7 | |d ESTUDIO DE IMPACTO AMBIENTAL | |
| 650 | 7 | |e EMPRESAS-PROYECTOS | |
| 650 | 7 | |f PANELA GRANULADA-INDUSTRIA Y COMERCIO | |
| 700 | 1 | |a Tutor: |b Blandón Navarro, Sandra Lorena | |
| 942 | |c BK |2 ddc | ||
| 991 | |a TESIS | ||
| 999 | |c 16929 | ||